| 000 | 00476nam a2200193Ia 4500 | ||
|---|---|---|---|
| 003 | GCL | ||
| 008 | 140319s9999 xx 000 0 aRus d | ||
| 040 |
_aGCL / _cGCL |
||
| 082 | 0 | 4 |
_a861 _bN A |
| 100 | 1 | _aNERUDA, POFLA | |
| 245 | 1 | 0 |
_aANTOLOGIA POETICA II / _cNERUDA, POFLA |
| 260 |
_a[S.N] : _bALIANZA EDITORIAL ، _c1983 |
||
| 300 | _a555P | ||
| 650 | 0 | 4 | _aLITERATURE |
| 650 | 0 | 4 | _aPOEMS |
| 650 | 0 | 4 | _aSPANISH POEMS |
| 650 | 0 | 4 | _aSPANISH LITERATURE |
| 942 |
_2ddc _cBK |
||
| 999 |
_c11430 _d11430 |
||